Lí luận giáo dục học Việt Nam

Cuốn sách này là sản phẩm nghiên cứu của đề tài cấp Bộ "Lí luận giáo dục Việt Nam từ sau Cách mạng tháng Tám và định hướng nghiên cứu đến năm 2010". Đề tài đã được Hội đồng nghiệm thu đề nghị có thể in thành tài liệu tham kh...

詳細記述

保存先:
書誌詳細
第一著者: Nguyễn, Thanh Bình
フォーマット: 図書
言語:Undetermined
出版事項: Hà Nội Đại học Sư phạm Hà Nội 2005
主題:
タグ: タグ追加
タグなし, このレコードへの初めてのタグを付けませんか!
Thư viện lưu trữ: Trung tâm Học liệu Trường Đại học Cần Thơ
LEADER 01192nam a2200241Ia 4500
001 CTU_101011
008 210402s9999 xx 000 0 und d
020 |c 29000 
082 |a 370.1 
082 |b B312 
100 |a Nguyễn, Thanh Bình 
245 0 |a Lí luận giáo dục học Việt Nam 
245 0 |c Nguyễn Thanh Bình (chủ biên)... [et al.] 
260 |a Hà Nội 
260 |b Đại học Sư phạm Hà Nội 
260 |c 2005 
520 |a Cuốn sách này là sản phẩm nghiên cứu của đề tài cấp Bộ "Lí luận giáo dục Việt Nam từ sau Cách mạng tháng Tám và định hướng nghiên cứu đến năm 2010". Đề tài đã được Hội đồng nghiệm thu đề nghị có thể in thành tài liệu tham khảo cho đông đảo đội ngũ cán bộ nghiên cứu, giảng dạy, sinh viên trên đại học và đại học. 
650 |a Education 
650 |x Philosophy 
650 |z Vietnam 
904 |i QHiếu 
910 |a Thay số PL 370.1597 => 370.1 
980 |a Trung tâm Học liệu Trường Đại học Cần Thơ